| 000 | 00986nam a2200265 i 4500 | ||
|---|---|---|---|
| 003 | IT-RoINE | ||
| 005 | 20190129072540.0 | ||
| 008 | 160725s2016 it 001 0 ita d | ||
| 020 | _a9788865124543 | ||
| 040 |
_aPUG _dfb IT-RoINE _cIT-RoINE |
||
| 041 | 0 |
_aita _afre |
|
| 100 | 1 |
_aAvallone, Emanuele _955688 |
|
| 245 | 1 | 3 |
_aLa Commissione teologica internazionale : _bstoria e prospettive / _cEmanuele Avallone ; prefazione di Gerhard Müller. |
| 260 |
_aVenezia : _bMarcianum Press, _c©2016. |
||
| 300 |
_a494 p. ; _c21 cm. |
||
| 336 |
_2rdacontent _atext |
||
| 337 |
_2rdamedia _aunmediated |
||
| 338 |
_2rdacarrier _avolume |
||
| 500 | _aIncluye índices. | ||
| 504 | _aBibliografía: p. [475]-488. | ||
| 610 | 2 | 4 |
_aIglesia Católica. _bCommissio Theologica Internationalis _xHistoria _955689 |
| 700 | 1 |
_aMüller, Gerhard Ludwig, _cCardenal, _d1947- _920710 |
|
| 710 | 2 |
_955690 _aIstituto superiore di scienze religiose San Lorenzo Giustiniani (Venecia, Italia) |
|
| 942 | _cMTS | ||
| 999 |
_c28223 _d28223 |
||